| Tag |
First Indicator |
Second Indicator |
Subfields |
| LEADER |
00000cam a2200000 a 4500 |
| 001 |
in00000008945 |
| 005 |
20151007051439.0 |
| 008 |
870122s1988 njua b 00110 eng |
| 010 |
|
|
|a 87002284
|
| 020 |
|
|
|a 0132897113
|
| 035 |
|
|
|a (OCoLC)15163165
|
| 035 |
|
|
|9 AAA3014AM
|
| 040 |
|
|
|a DLC
|c DLC
|d UtOrBLW
|
| 049 |
|
|
|a TXAM
|c [A12628625]
|
| 050 |
0 |
0 |
|a TH435
|b .A326 1988
|
| 082 |
0 |
|
|a 692/.5
|2 19
|
| 100 |
1 |
|
|a Ahuja, H. N.
|
| 245 |
1 |
0 |
|a Estimating :
|b from concept to completion /
|c Hira N. Ahuja, Walter J. Campbell.
|
| 264 |
|
1 |
|a Englewood Cliffs, N.J. :
|b Prentice-Hall,
|c [1988]
|
| 264 |
|
4 |
|c ©1988
|
| 300 |
|
|
|a xvii, 166 pages :
|b illustrations ;
|c 25 cm.
|
| 336 |
|
|
|a text
|b txt
|2 rdacontent
|
| 337 |
|
|
|a unmediated
|b n
|2 rdamedia
|
| 338 |
|
|
|a volume
|b nc
|2 rdacarrier
|
| 504 |
|
|
|a Includes bibliographies and index.
|
| 650 |
|
0 |
|a Building
|x Estimates.
|
| 700 |
1 |
|
|a Campbell, Walter J.
|
| 999 |
|
|
|a MARS
|
| 999 |
f |
f |
|s e4374888-5e5e-3007-8139-e3cc289b5076
|i b636eede-182b-3fbd-bc99-6662113fcf12
|t 0
|
| 952 |
f |
f |
|p ric
|a Texas A&M University
|b Rellis Campus
|c Joint Library Facility
|d Remote Storage
|t 0
|e TH435 .A326 1988
|h Library of Congress classification
|i unmediated -- volume
|m A14812628625
|
| 998 |
f |
f |
|a TH435 .A326 1988
|t 0
|l Remote Storage
|